Manual del puesto de Almacenista (Registro nro. 7226)
[ vista simple ]
| 000 -CABECERA | |
|---|---|
| campo de control de longitud fija | 00495atm a2200193 4500 |
| 005 - FECHA Y HORA DE ACTUALIZACIÓN | |
| campo de control | 20170214152500.0 |
| 008 - LONGITUD FIJA | |
| campo de control de longitud fija | 150916b xxu||||| |||| 00| | spa d |
| 041 ## - IDIOMA | |
| Código de idioma del texto/pista de sonido o título separado | |
| 082 ## - CLASIFICACIÓN DECIMAL DEWEY | |
| Número de clasificación | 1.2.16 S446m |
| 100 ## - AUTOR PERSONAL | |
| Nombre de persona | Secretaría de Turismo |
| 245 ## - TÍTULO PROPIAMENTE DICHO | |
| Título | Manual del puesto de Almacenista |
| 260 ## - PIE DE IMPRENTA | |
| Lugar de publicación, distribución, etc. | México |
| 260 ## - PIE DE IMPRENTA | |
| Nombre del editor, distribuidor, etc. | Limusa |
| 260 ## - PIE DE IMPRENTA | |
| Fecha de publicación, distribución, etc. | 1992 |
| 300 ## - DESCRIPCIÓN FÍSICA | |
| Extensión | 143 páginas |
| 650 ## - Materia General | |
| Materia general | PUESTO DE ALMACENISTA |
| 650 ## - Materia General | |
| Materia general | COMPRAS Y ALMACEN EN HOTELERÍA |
| 942 ## - Punto de Acceso Adicional Koha | |
| Tipo de ítem Koha | Libro |
| Estado perdido | Estado dañado | No para préstamo | Biblioteca permanente | Biblioteca actual | Signatura completa | Código de barras | Precio efectivo a partir del | Tipo de ítem |
|---|---|---|---|---|---|---|---|---|
| Departamento de Biblioteca y Documentación Alfonso Chase Brenes | Departamento de Biblioteca y Documentación Alfonso Chase Brenes | 1.2.16 S446m | 4411 | 15/07/2016 | Libro |